[Event "Portugal Open 2019"]
[Site "Lisbon"]
[Date "2019.02.03"]
[Round "2"]
[White "Campora, Daniel H."]
[Black "Ferreira, Hugo Miguel Da Cost"]
[Result "1-0"]
[WhiteElo "2419"]
[BlackElo "2136"]
[Annotator "TA"]
[PlyCount "93"]
[EventDate "2019.01.25"]
[EventType "swiss"]
[EventCountry "POR"]
[SourceTitle "playchess.com"]
[Source "ChessBase"]
[SourceQuality "1"]

{[%evp 9,93,25,43,43,39,39,33,38,68,43,33,-1,85,80,68,48,83,77,109,105,102,108,103,93,88,95,95,66,76,74,168,164,173,154,158,153,215,163,372,373,370,350,336,336,485,375,475,363,936,322,269,296,64,29,34,33,32,0,7,7,14,14,9,5,23,20,63,35,36,35,35,35,50,43,35,17,403,368,344,343,341,329,2128,1887,2460,2407]} 1. e4 d5 2. exd5 Qxd5 3. Nc3 Qd6 4. Nf3 (4. Bc4 Nf6 {1-0 (48) Savic,M (2587)-Milanovic,D (2594) Belgrade 2015}) 4... Nf6 5. Bc4 c6 (5... a6 6. d4 b5 7. Bd3 Bb7 8. Qe2 Nbd7 9. O-O e6 10. a4 b4 11. Ne4 Qd5 12. Nxf6+ Nxf6 13. c4 bxc3 14. bxc3 Be7 {1-0 (48) Savic,M (2587)-Milanovic,D (2594) Belgrade 2015}) 6. O-O {B01: Scandinavian Defence} Bg4 7. h3 Bh5 8. Re1 {White is slightly better.} Nbd7 9. g4 $146 ({Predecessor:} 9. Be2 e6 10. d3 Be7 11. Rb1 a5 12. g3 Qc7 13. Bf4 {½-½ (20) Kayser,F (2171)-Hillmann,M (2162) Germany 2017}) 9... Bg6 10. Bf1 h5 (10... e6 $11) 11. g5 $16 Nd5 12. d3 $36 {[%mdl 2048] White has good play.} h4 13. Ne4 Qc7 14. c4 Nf4 15. Qd2 Bxe4 16. Rxe4 Ng6 17. d4 O-O-O 18. Qc2 e5 19. dxe5 Ngxe5 (19... Bc5 $16) 20. Nxe5 $18 Nxe5 21. Bf4 f6 22. c5 Rd5 (22... Be7 $16) 23. b4 fxg5 $2 (23... Be7) 24. Bxe5 $1 Rxe5 {[#]} 25. Rae1 $1 Rxe4 26. Qxe4 {And now Qf5+ would win.} ({Inferior is} 26. Rxe4 Be7 $15) 26... g6 (26... Qf4 {was called for.} 27. Qe6+ Kb8) 27. Qe8+ Qd8 28. Qf7 Bh6 $2 (28... Bxc5 29. bxc5 Rf8 30. Qxg6 Qf6 31. Qxf6 Rxf6) 29. Be2 $2 (29. Re7 Rf8 30. Qe6+ Kb8 31. Bg2) 29... Qf8 30. Bg4+ ({Weaker is} 30. Qxg6 Bg7 $16) 30... Kb8 31. Qxg6 {aiming for b5!} (31. Qd7 $5 {[%cal Re1e7]} Qd8 32. Qf7 $16) 31... Bg7 32. Re4 {Threatens to win with b5.} a6 33. Qd6+ (33. Qxg5 {is interesting.} Qf6 34. Qxf6 Bxf6 35. Kg2 Rd8 36. Be6) 33... Qxd6 34. cxd6 $11 {[%mdl 4096] Endgame KRB-KRB} Rd8 35. d7 Kc7 36. Kf1 Bc3 37. Ke2 Kd6 38. Kd3 Be5 39. Kc4 b6 40. Re2 Rf8 41. Kb3 Rd8 42. a4 Kd5 $2 {[%mdl 8192]} (42... b5 $11) 43. Rd2+ $18 Bd4 44. Bf3+ Ke5 45. Bxc6 g4 $2 (45... Kd6 46. Bf3 (46. Rxd4+ Kxc6 47. f4 g4 $16) 46... Ke5) 46. hxg4 h3 {[#]} 47. f4+ $1 {Accuracy: White = 60%, Black = 34%.} 1-0

[Event "Portugal Open 2019"]
[Site "Lisbon"]
[Date "2019.02.03"]
[Round "2"]
[White "Rajesh, V A V"]
[Black "Eggert, Alberto"]
[Result "1-0"]
[WhiteElo "2406"]
[BlackElo "2132"]
[Annotator "TA"]
[PlyCount "65"]
[EventDate "2019.01.25"]
[EventType "swiss"]
[EventCountry "POR"]
[SourceTitle "playchess.com"]
[Source "ChessBase"]
[SourceQuality "1"]

{[%evp 18,65,86,79,100,96,96,92,143,93,106,96,96,96,99,73,132,118,221,228,221,208,199,195,307,290,270,281,256,169,212,158,167,148,327,341,572,579,537,540,643,572,559,536,1608,1606,1698,1221,1528,1000]} 1. d4 Nf6 2. c4 g6 3. Nc3 Bg7 4. e4 O-O 5. Nf3 d6 6. h3 Na6 7. Bd3 c5 8. d5 e5 {E90: King's Indian: Classical: Early deviations and 6 h3} 9. Bg5 (9. g4 Nc7 10. Bg5 a6 11. a4 Bd7 12. a5 Rb8 13. Rg1 b5 14. axb6 Rxb6 15. b3 Kh8 16. Bc2 {½-½ (56) Jojua,D (2590)-Gelashvili,T (2575) Lagodekhi 2016}) 9... h6 10. Be3 {LiveBook: 5 Games} Kh7 {White is better.} 11. g4 Ng8 12. Qd2 Nb4 (12... Nc7 $142) 13. Bb1 Ne7 $146 ({Predecessor:} 13... Rb8 14. a3 Na6 15. Ne2 Bd7 16. Bd3 Nc7 17. h4 a6 18. a4 b6 19. h5 g5 {½-½ (19) Scoones,D-Martinovsky,I (2075) Victoria 2004}) 14. a3 Na6 15. Bd3 Nc7 16. Ne2 b5 (16... Bd7 $142) 17. cxb5 $16 c4 (17... Rb8 $16 {is a better defense.}) 18. Bxc4 $18 f5 19. gxf5 gxf5 20. exf5 Bxf5 (20... Nxf5 $142 21. Rg1 Qe7) 21. Ng3 Ng6 22. Nxf5 Rxf5 23. Qe2 Qf8 24. Nd2 e4 25. Nxe4 {[#] 0-0-0 is the strong threat.} Re8 $2 (25... Nxd5 $16 {was worth a try.} 26. Bxd5 Rxd5) 26. Ng3 ({Not} 26. Bxa7 $2 Rxe4 27. Qxe4 Re5 $19) 26... Nxd5 $2 (26... Rf3 {was called for.} 27. O-O Kh8) 27. Nxf5 {White is clearly winning.} Qxf5 28. Bd3 Qf6 29. O-O-O Rc8+ 30. Kb1 Nc3+ 31. bxc3 Qxc3 32. Bxg6+ Kh8 33. Bd4 {Precision: White = 70%, Black = 27%.} 1-0

[Event "Portugal Open 2019"]
[Site "Lisbon"]
[Date "2019.02.03"]
[Round "2"]
[White "Carrasco Martinez, Juan M."]
[Black "Bruaset, Eivind"]
[Result "1-0"]
[WhiteElo "2380"]
[BlackElo "2124"]
[Annotator "TA"]
[PlyCount "97"]
[EventDate "2019.01.25"]
[EventType "swiss"]
[EventCountry "POR"]
[SourceTitle "playchess.com"]
[Source "ChessBase"]
[SourceQuality "1"]

{[%evp 19,97,0,21,-22,37,16,18,7,11,29,20,0,7,-28,0,-23,-23,-18,-19,-34,-31,-29,-27,-48,-43,-111,-52,-118,0,0,69,57,81,72,56,60,66,72,75,80,67,47,115,42,60,60,61,53,116,100,106,84,189,189,187,187,193,192,193,186,311,289,289,279,272,267,313,302,433,425,510,498,671,670,714,698,1405,1385,29983,29984]} 1. e4 e6 2. d4 d5 3. Nd2 Be7 4. Ngf3 Nf6 5. e5 Nfd7 6. Bd3 c5 7. c3 b6 8. O-O Ba6 9. Bxa6 Nxa6 10. Re1 b5 {LiveBook: 13 Games. C05: French Tarrasch: 3...Nf6 4 e5 Nfd7, 5 f4 and 5 Bd3 sidelines} 11. dxc5 Ndxc5 $146 (11... Naxc5 $11 12. Qe2 Qb6) ({Predecessor:} 11... Naxc5 12. Qe2 Qb6 13. Nd4 a6 14. Nf1 O-O 15. Ng3 f6 16. exf6 Bxf6 17. Be3 Rae8 18. Rad1 {½-½ (31) Martin Duque,J (2342)-Moreno Ruiz,J (2447) Madrid 2017}) 12. Nb3 Qd7 {The position is equal.} 13. Be3 O-O 14. Qe2 Rfc8 15. Rad1 Qb7 16. Nbd4 Rab8 17. a3 Ne4 18. Rc1 Nac5 19. h4 a5 20. h5 h6 21. Bf4 Na4 22. Nh2 (22. Nd2 $15) 22... Kh8 ({Black should play} 22... b4 $17 23. axb4 axb4) 23. Ng4 (23. Nf1 $15) 23... Ng5 (23... b4 $1 $17 {[%cal Rb4a3]} 24. axb4 axb4) 24. Be3 $11 Rc4 ({Black should try} 24... Ne4 $11) 25. b3 $1 $36 {[%cal Rb3c4][%mdl 2048] White fights for an advantage.} Nxc3 26. Qb2 {[#]} Rxd4 $1 {[%mdl 512]} 27. Bxd4 b4 28. Bxc3 bxc3 29. Rxc3 Ne4 30. Rc2 $1 Kh7 {[#]} (30... Qd7 $14) 31. Re3 (31. Rec1 $1 $16 Qxb3 32. Qxb3 Rxb3 33. Rc7 Bxa3 34. R1c6) 31... Qb6 32. Rf3 Kg8 33. Qc1 Bf8 (33... Rf8 $14) 34. Rc8 $16 Rxc8 35. Qxc8 Qc5 {[#]} (35... Qd4 $16) 36. Qxc5 $1 $18 Bxc5 {[%mdl 4096] Endgame KRN-KBN} 37. a4 Kf8 38. Rd3 Ke7 39. Kf1 d4 (39... Kd7 $142 40. Ke2 Bb6) 40. Ke2 Nc3+ 41. Kd2 Nd5 42. Rf3 Nb4 43. Rg3 d3 (43... Ke8 {was necessary.} 44. Nh2 Kf8) 44. Ne3 Bd4 45. f4 Bxe3+ 46. Rxe3 Nd5 47. Re4 f5 48. Rd4 Kd7 {[#]} 49. Rxd5+ $1 {[%mdl 512] Precision: White = 61%, Black = 30%.} 1-0

[Event "Portugal Open 2019"]
[Site "Lisbon"]
[Date "2019.02.03"]
[Round "2"]
[White "Di Nicolantonio, Lucas"]
[Black "Maloberti, David"]
[Result "1-0"]
[WhiteElo "2364"]
[BlackElo "2121"]
[Annotator "TA"]
[PlyCount "41"]
[EventDate "2019.01.25"]
[EventType "swiss"]
[EventCountry "POR"]
[SourceTitle "playchess.com"]
[Source "ChessBase"]
[SourceQuality "1"]

{[%evp 9,41,0,33,38,44,29,48,48,54,60,55,20,37,10,79,60,123,99,151,132,199,157,291,283,279,202,331,316,777,737,748,322,746,741]} 1. d4 Nf6 2. Bf4 g6 3. Nc3 d5 4. e3 Bg7 5. h4 c5 6. Nb5 {[#] Black must now prevent Nc7+. A45: Trompowsky Attack} Na6 $1 7. c3 c4 8. b3 {White is slightly better.} cxb3 9. Qxb3 $146 ({Predecessor:} 9. axb3 O-O 10. h5 Bd7 11. hxg6 fxg6 {1-0 (44) Kovalev,V (2650)-Tyurin,A (2021) Minsk 2018}) 9... O-O 10. Bd3 Bg4 11. Ne2 Ne8 (11... Nh5 $11) 12. f3 $16 Bc8 (12... Bf5 $14 13. Bxf5 gxf5) 13. h5 e6 ({Black should try} 13... e5) 14. hxg6 hxg6 (14... fxg6 $16 15. Kf2 e5) 15. g4 Nac7 (15... Bd7 $16 {keeps fighting.} 16. Nd6 Nxd6) 16. Nxc7 $18 Nxc7 17. Qc2 Qe7 (17... e5 {was necessary.}) 18. Ng3 e5 $2 (18... Rd8 19. Bxg6 (19. Qh2 Ne8 $18) 19... fxg6) 19. Qh2 {[%csl Gh1][%cal Rh2h7] [#]} Rd8 20. Qh7+ ({Not} 20. Bxe5 Bxe5 21. dxe5 Qxe5 $16) 20... Kf8 21. Bh6 {Accuracy: White = 82%, Black = 31%.} 1-0

[Event "Portugal Open 2019"]
[Site "Lisbon"]
[Date "2019.02.03"]
[Round "2"]
[White "Rocha, Sergio"]
[Black "Pires, Emanuel Joao Robart"]
[Result "1-0"]
[WhiteElo "2354"]
[BlackElo "2115"]
[Annotator "TA"]
[PlyCount "71"]
[EventDate "2019.01.25"]
[EventType "swiss"]
[EventCountry "POR"]
[SourceTitle "playchess.com"]
[Source "ChessBase"]
[SourceQuality "1"]

{[%evp 25,71,54,82,87,91,73,144,142,148,152,339,316,306,322,320,300,603,593,573,587,813,804,1033,1036,1004,993,1194,1035,1168,1180,1177,1130,1210,1188,1161,1129,1416,1446,2739,2768,2769,1022,29978,29974,29989,29990,29990,29991]} 1. d4 Nf6 2. Nf3 $146 (2. c4 e6 3. Nf3 c5 {1-0 (34) Akobian,V (2606)-Ghaem Maghami,E (2599) Beijing 2008}) ({Predecessor:} 2. c4 c5 3. d5 e6 4. Nc3 exd5 5. cxd5 d6 6. e4 g6 7. Bd3 Bg7 8. h3 O-O {1-0 (25) Sorensen,H (1840)-Buchert,V (1683) Lund 2016}) 2... c5 3. d5 e6 4. c4 exd5 (4... a6 5. a4 exd5 6. cxd5 d6 7. Nc3 g6 8. h3 Bg7 9. e4 O-O 10. Bd3 Re8 {1-0 (34) Akobian,V (2606)-Ghaem Maghami,E (2599) Beijing 2008}) 5. cxd5 d6 6. Nc3 g6 7. e4 Bg7 8. h3 O-O 9. Bd3 Re8 ({Predecessor:} 9... a6 10. a4 Nbd7 11. O-O {1-0 (25) Sorensen,H (1840)-Buchert,V (1683) Lund 2016}) 10. O-O a6 11. a4 Nbd7 (11... c4 12. Bc2 Nbd7 13. Re1 Rb8 14. Bf4 Qc7 {1-0 (34) Akobian,V (2606)-Ghaem Maghami,E (2599) Beijing 2008}) 12. Bf4 ({Predecessor:} 12. Re1 Qc7 {1-0 (25) Sorensen,H (1840)-Buchert,V (1683) Lund 2016}) 12... Qc7 13. Re1 Rb8 ({Predecessor:} 13... c4 14. Bc2 Rb8 {1-0 (25) Sorensen,H (1840)-Buchert,V (1683) Lund 2016}) 14. Qd2 {A70: Modern Benoni: 6 e4 g6 7 Nf3} c4 15. Bc2 b5 (15... Ne5 $142) 16. axb5 $16 {White is clearly better.} axb5 17. Nd4 Qc5 $2 (17... Nh5 $16 {might work better.}) (17... Rb6 18. Ndxb5 Qb8 19. Nxd6 Rxd6 20. e5 Nxe5 21. Bxe5 Rxe5 22. Rxe5 {1-0 (34) Akobian,V (2606)-Ghaem Maghami,E (2599) Beijing 2008}) 18. Nc6 $18 b4 19. Na4 ({Not} 19. Nxb8 bxc3 20. bxc3 (20. Qxc3 Nxb8 21. Be3 Nfd7 $14) 20... Nxb8 $16) 19... Qb5 20. Bxd6 {[%mdl 64] [#] Double Attack} ({Don't take} 20. Nxb8 $6 Qxb8 21. f3 Ne5 $18) 20... b3 $2 (20... Ra8 21. Qxb4 Qxb4 22. Bxb4 Bb7) ({Predecessor:} 20... Ra8 21. Qxb4 Qxb4 22. Bxb4 Ne5 23. Nxe5 Rxe5 24. f3 Rb8 25. Bd6 {1-0 (25) Sorensen,H (1840)-Buchert,V (1683) Lund 2016}) 21. Nc3 Qb6 22. Bd1 Rb7 23. e5 Nh5 24. Bxh5 gxh5 25. Qf4 f6 26. e6 Ne5 27. Bxe5 fxe5 28. Qxc4 Kh8 29. Ne4 Rf8 30. Rac1 Bh6 31. d6 Bxc1 32. Rxc1 Rg7 33. Nxe5 (33. e7 $142 Rfg8 34. Nxe5 Rxg2+ 35. Kh1) 33... Bb7 34. Nf7+ {White mates.} Rfxf7 35. exf7 Qd8 36. Qe6 {Accuracy: White = 87%, Black = 17%.} 1-0

[Event "Portugal Open 2019"]
[Site "Lisbon"]
[Date "2019.02.03"]
[Round "2"]
[White "Pantzar, Milton"]
[Black "Froewis, Annika"]
[Result "1-0"]
[WhiteElo "2331"]
[BlackElo "2104"]
[Annotator "NA RC"]
[PlyCount "69"]
[EventDate "2019.01.25"]
[EventType "swiss"]
[EventCountry "POR"]
[SourceTitle "playchess.com"]
[Source "ChessBase"]
[SourceQuality "1"]
[TimeControl "5400+30"]

1. e4 e5 2. Nf3 Nc6 3. Bb5 a6 4. Ba4 Nf6 5. O-O b5 6. Bb3 Bc5 7. c3 (7. a4 Rb8 8. c3 {0-1 (33) Yu,Y (2759)-Svidler,P (2753) Shenzhen 2018}) 7... d6 8. a4 Rb8 9. d4 Bb6 10. a5 {C78: Ruy Lopez: Archangelsk and Möller Defences} Ba7 11. h3 O-O 12. Re1 $146 ({Predecessor:} 12. Be3 Ra8 13. Nbd2 Bb7 {0-1 (66) Pantzar,M (2330)-Nesterov,A (2411) Stockholm 2018}) 12... Bb7 13. Be3 Ra8 (13... exd4 14. cxd4 Ne7 15. Nbd2 Bxe4 16. Nxe4 Nxe4 17. Qc2 d5 {0-1 (33) Yu,Y (2759)-Svidler,P (2753) Shenzhen 2018}) 14. Nbd2 h6 15. Nf1 Re8 16. Ng3 Qd7 ({Predecessor:} 16... exd4 17. cxd4 Nxe4 {0-1 (66) Pantzar,M (2330)-Nesterov,A (2411) Stockholm 2018}) 17. Qd2 d5 $2 {[#]} (17... Nh7 18. Nf5 Kh8) 18. Bxh6 $1 g6 19. exd5 Nxd5 20. Qg5 Re6 21. Bxd5 Qxd5 22. Ne4 Qd8 23. d5 Qxg5 24. Bxg5 f5 25. Ng3 e4 26. dxc6 Bxc6 27. Nd4 Bxd4 28. cxd4 Bd5 29. Rac1 $18 c6 30. Re3 Kf7 31. Ne2 Rd6 32. Bf4 Rd7 33. h4 Rc8 34. Be5 Bc4 35. b3 1-0

[Event "Portugal Open 2019"]
[Site "Lisbon"]
[Date "2019.02.03"]
[Round "2"]
[White "Gu, Xiaobing"]
[Black "Jazdanovs, Aleksandrs"]
[Result "0-1"]
[WhiteElo "2326"]
[BlackElo "2100"]
[Annotator "RC"]
[PlyCount "90"]
[EventDate "2019.01.25"]
[EventType "swiss"]
[EventCountry "POR"]
[SourceTitle "playchess.com"]
[Source "ChessBase"]
[SourceQuality "1"]
[TimeControl "5400+30"]

1. e4 {[%emt 0:00:00]} c5 {[%emt 0:00:00]} 2. Nf3 {[%emt 0:00:27]} d6 {[%emt 0:00:36]} 3. d4 {[%emt 0:00:23]} cxd4 {[%emt 0:00:19]} 4. Nxd4 {[%emt 0:01:13]} Nf6 {[%emt 0:00:57]} 5. Nc3 {[%emt 0:00:03]} a6 {[%emt 0:00:48]} 6. Be3 {[%emt 0:02:27]} e5 {[%emt 0:01:00]} 7. Nb3 {[%emt 0:00:05]} Be6 {[%emt 0:01:32]} 8. f3 {[%emt 0:00:36]} h5 {[%emt 0:00:38]} 9. Nd5 {[%emt 0:02:50]} Bxd5 {[%emt 0:00:35]} 10. exd5 {[%emt 0:00:03]} Nbd7 {[%emt 0:02:22]} 11. Qd2 {[%emt 0:00:30]} b6 {[%emt 0:03:20]} 12. Be2 {[%emt 0:06:53]} g6 {[%emt 0:00:31]} 13. O-O {[%emt 0:01:13]} Bg7 {[%emt 0:00:15]} 14. Bg5 {[%emt 0:04:52]} O-O {[%emt 0:06:08]} 15. Rad1 {[%emt 0:09:27]} Qc7 {[%emt 0:04:57]} 16. Kh1 {[%emt 0:03:26]} Rfe8 {[%emt 0:10:28]} 17. Qd3 {[%emt 0:10:20]} e4 {[%emt 0:15:48]} 18. fxe4 {[%emt 0:02:23]} Nxe4 {[%emt 0:02:33]} 19. Bc1 {[%emt 0:00:32]} f5 {[%emt 0:03:06]} 20. Nd4 {[%emt 0:08:51]} Bxd4 {[%emt 0:01:06]} 21. Qxd4 {[%emt 0:00:02]} Ng3+ {[%emt 0:03:04]} 22. hxg3 {[%emt 0:00:12]} Rxe2 {[%emt 0:00:03]} 23. Rde1 {[%emt 0:04:53]} Qxc2 {[%emt 0:02:33]} 24. Bh6 {[%emt 0:06:41]} Qxb2 {[%emt 0:02:04]} 25. Qxb2 {[%emt 0:02:29]} Rxb2 {[%emt 0:00:07]} 26. Re6 {[%emt 0:02:19]} Nc5 {[%emt 0:12:21]} 27. Rxg6+ {[%emt 0:02:55]} Kh7 {[%emt 0:00:26]} 28. Bc1 {[%emt 0:08:27]} Kxg6 {[%emt 0:00:59]} 29. Bxb2 {[%emt 0:00:01]} Re8 {[%emt 0:01:23]} 30. Rb1 {[%emt 0:00:14]} b5 {[%emt 0:05:02]} 31. Ba3 {[%emt 0:00:56]} Re4 {[%emt 0:00:44]} 32. Rd1 {[%emt 0:00:26]} b4 {[%emt 0:00:35]} 33. Bc1 {[%emt 0:00:46]} Re2 {[%emt 0:00:20]} 34. Bf4 {[%emt 0:01:28]} Rxa2 {[%emt 0:00:32]} 35. Rb1 {[%emt 0:01:47]} Ne4 {[%emt 0:07:37]} 36. Rxb4 {[%emt 0:00:12]} Ra1+ {[%emt 0:00:06]} 37. Kh2 {[%emt 0:00:04]} Nf2 {[%emt 0:00:07]} 38. g4 {[%emt 0:00:09]} hxg4 {[%emt 0:00:34]} 39. g3 {[%emt 0:01:13]} Nd3 {[%emt 0:01:06]} 40. Rb6 {[%emt 0:00:16]} Ra2+ {[%emt 0:00:04]} 41. Kg1 {[%emt 0:00:21]} Nxf4 {[%emt 0:00:11]} 42. gxf4 {[%emt 0:00:08]} Kh5 {[%emt 0:00:15]} 43. Rxd6 {[%emt 0:00:25]} g3 {[%emt 0:01:58]} 44. Rc6 {[%emt 0:02:31]} Kg4 {[%emt 0:00:12]} 45. d6 {[%emt 0:00:30]} Kh3 {[%emt 0:00:19]} 0-1

[Event "Portugal Open 2019"]
[Site "Lisbon"]
[Date "2019.02.03"]
[Round "2"]
[White "Shailesh, Dravid"]
[Black "Saltvedt, Martin"]
[Result "1-0"]
[WhiteElo "2324"]
[BlackElo "2095"]
[Annotator "NA RC"]
[PlyCount "59"]
[EventDate "2019.01.25"]
[EventType "swiss"]
[EventCountry "POR"]
[SourceTitle "playchess.com"]
[Source "ChessBase"]
[SourceQuality "1"]
[TimeControl "5400+30"]

1. e4 {[%emt 0:06:18]} c6 {[%emt 0:00:00]} 2. d4 {[%emt 0:00:05]} d5 {[%emt 0:00:00]} 3. e5 {[%emt 0:00:04]} Bf5 {[%emt 0:00:00]} 4. Nc3 {[%emt 0:00:04]} e6 {[%emt 0:00:47]} 5. g4 {[%emt 0:00:59]} Bg6 {[%emt 0:00:12]} 6. Nge2 {[%emt 0:00:23]} Nd7 $146 {[%emt 0:05:36]} ({Predecessor:} 6... c5 7. h4 h6 8. Be3 Nc6 9. dxc5 Nxe5 10. Nf4 {½-½ (31) Pinkovetsky,S (2610)-Wunderlich,H (2562) ICCF email 2004}) 7. h4 {[%emt 0:01:12]} h6 {[%emt 0:02:22]} 8. Nf4 {[%emt 0:06:26]} Bh7 {[%emt 0:02:08] B12: Caro-Kann: Advance Variation} 9. Be3 {[%emt 0:01:20]} c5 {[%emt 0:12:13]} 10. dxc5 {[%emt 0:00:27]} Nxe5 {[%emt 0:00:43]} 11. Bb5+ {[%emt 0:00:59]} Nc6 {[%emt 0:00:53]} 12. Qe2 {[%emt 0:02:05]} Nge7 {[%emt 0:08:42]} 13. O-O-O {[%emt 0:06:22]} Qa5 {[%emt 0:02:47]} 14. Rd2 {[%emt 0:00:41]} ({Predecessor:} 14. Rd4 O-O-O 15. Ra4 Qc7 16. Rd1 g5 17. Bxc6 Nxc6 {½-½ (31) Pinkovetsky,S (2610)-Wunderlich,H (2562) ICCF email 2004}) 14... a6 {[%emt 0:11:52]} 15. Ba4 {[%emt 0:00:50]} Rd8 {[%emt 0:00:42]} 16. Rhd1 {[%emt 0:01:10]} Ng6 {[%emt 0:06:21]} 17. Nxg6 {[%emt 0:01:26]} Bxg6 {[%emt 0:00:11]} 18. h5 {[%emt 0:00:11]} Bh7 {[%emt 0:01:08]} 19. Rxd5 {[%emt 0:15:41]} (19. Bd4 $16) 19... Be7 {[%emt 0:05:25]} 20. Rxd8+ {[%emt 0:01:12]} Bxd8 {[%emt 0:00:01]} 21. Qf3 {[%emt 0:05:07]} O-O {[%emt 0:01:59]} 22. Bxc6 {[%emt 0:02:03]} bxc6 {[%emt 0:00:05]} 23. Qxc6 {[%emt 0:00:05]} Bf6 {[%emt 0:00:44]} 24. Bd4 {[%emt 0:00:11]} Bg5+ {[%emt 0:02:18]} 25. Kb1 {[%emt 0:00:11]} ({Weaker is} 25. Be3) 25... Rb8 {[%emt 0:06:40]} 26. Be5 {[%emt 0:01:26]} Rd8 {[%emt 0:03:16]} 27. Rxd8+ {[%emt 0:00:13]} Qxd8 $18 {[%emt 0:00:11]} 28. Qd6 {[%emt 0:00:16]} Qa8 {[%emt 0:06:21]} 29. c6 {[%emt 0:01:02]} a5 {[%emt 0:05:38]} 30. Qb8+ {[%emt 0:00:11]} 1-0

[Event "Portugal Open 2019"]
[Site "Lisbon"]
[Date "2019.02.03"]
[Round "2"]
[White "Cholleti Sahajasri"]
[Black "Motylev, Alexander"]
[Result "0-1"]
[WhiteElo "2215"]
[BlackElo "2644"]
[Annotator "TA"]
[PlyCount "44"]
[EventDate "2019.01.25"]
[EventType "swiss"]
[EventCountry "POR"]
[SourceTitle "playchess.com"]
[Source "ChessBase"]
[SourceQuality "1"]

{[%evp 13,44,35,22,29,60,-27,-39,-65,-68,-85,-62,-148,-133,-134,-129,-136,-118,-120,-138,-122,-120,-374,-379,-379,-367,-375,-347,-487,-472,-614,-583,-797,-795]} 1. Nf3 $146 (1. d4 d5 2. c4 e6 3. Nf3 c6 4. g3 dxc4 5. Bg2 Nd7 6. a4 Ngf6 {1-0 (26) Perez Ponsa,F (2586)-Flores,D (2590) Villa Martelli 2016}) ({Predecessor:} 1. d4 d5 2. c4 e6 3. Nf3 Nf6 4. g3 c6 5. Bg2 Nbd7 6. O-O {1-0 (18) Arestanov,T (2257)-Anorin,V Novosibirsk 2001}) 1... d5 2. d4 Nd7 3. c4 e6 4. g3 Ngf6 5. Bg2 dxc4 6. O-O c6 7. a4 a5 8. Qc2 {E04: Open Catalan: 5 Nf3} b5 9. b3 (9. Ne5 $14 Nxe5 10. dxe5) (9. axb5 cxb5 10. Ne5 Nd5 11. Nc3 Nxe5 12. dxe5 Nb4 13. Qe4 Rb8 14. Rd1 Qc7 15. Bg5 Bd7 {1-0 (26) Perez Ponsa,F (2586)-Flores,D (2590) Villa Martelli 2016}) 9... cxb3 $1 $11 10. Qxb3 {Black is slightly better.} ({Predecessor:} 10. Qxc6 Ra6 11. Qc3 bxa4 12. Rxa4 Nb6 13. Ra1 a4 14. Ne5 Nfd5 15. Qf3 Qf6 16. Qd3 Nc7 17. Bc6+ Kd8 18. Bg5 {1-0 (18) Arestanov,T (2257)-Anorin,V Novosibirsk 2001}) 10... b4 11. Nbd2 Ba6 12. Re1 (12. Nc4 $15) 12... Be7 $17 13. Nc4 Rc8 14. Bb2 O-O 15. Nfe5 Nxe5 16. Nxe5 c5 {Strongly threatening ...c4.} 17. Nc6 $2 {[%mdl 8192] [#]} (17. Rec1 $17) 17... Rxc6 $1 $19 {[%mdl 512]} 18. Bxc6 c4 19. Qf3 c3 20. Bc1 (20. Bxc3 $142 bxc3 21. Qxc3) 20... Qxd4 {Black is clearly winning.} 21. Be3 Qc4 22. Bb6 b3 {Accuracy: White = 23%, Black = 93%.} 0-1

[Event "Portugal Open 2019"]
[Site "Lisbon"]
[Date "2019.02.03"]
[Round "2"]
[White "Real, Thibault"]
[Black "Hansen, Eric"]
[Result "0-1"]
[WhiteElo "2211"]
[BlackElo "2615"]
[Annotator "TA"]
[PlyCount "70"]
[EventDate "2019.01.25"]
[EventType "swiss"]
[EventCountry "POR"]
[SourceTitle "playchess.com"]
[Source "ChessBase"]
[SourceQuality "1"]

{[%evp 9,70,-8,-2,-64,-59,-65,-74,-79,-68,-52,-16,-61,-58,-65,-65,-58,35,-85,-83,-64,-81,-153,-124,-150,-141,-232,-224,-223,-204,-217,-203,-254,-225,-383,-377,-389,-306,-448,-333,-324,-326,-320,-326,-362,-366,-347,-295,-630,-535,-891,-836,-737,-758,-1008,-432,-866,-861,-777,-770,-766,-736,-29989,-29990]} 1. d4 Nf6 2. Bf4 g6 3. Nc3 d5 (3... c5 4. dxc5 Qa5 5. a3 Qxc5 6. e4 Bg7 7. Nf3 d6 8. h3 O-O 9. Qd2 b6 10. O-O-O Bb7 11. Be3 {1-0 (48) Nabaty,T (2692)-Almasi,Z (2702) Batumi 2018}) 4. e3 Bg7 $146 ({Predecessor:} 4... c6 5. h4 Nbd7 6. Bd3 Bg7 7. h5 gxh5 8. Rxh5 Nxh5 {0-1 (16) Bimpson,T (2016)-Burns,M (1877) Frodsham 2018}) 5. h4 c6 6. h5 {A45: Trompowsky Attack} (6. Bd3 $11) 6... Nxh5 $15 7. Rxh5 gxh5 8. Qxh5 {Black is better.} Nd7 9. Bd3 $1 Nf8 10. O-O-O Ng6 11. Bg3 ({Predecessor:} 11. Nf3 Be6 12. Bh6 Bxh6 13. Qxh6 Qd7 14. Bxg6 fxg6 15. Ne5 Qd6 16. Nxg6 Bf7 {0-1 (16) Bimpson,T (2016)-Burns,M (1877) Frodsham 2018}) 11... Qd7 $1 12. f3 b6 (12... Qe6 $15 13. Re1 Nf8) 13. f4 (13. Nge2 $14 {keeps the upper hand.}) 13... Qg4 $17 14. Qh2 h5 15. Nh3 (15. Rf1 $142) 15... h4 16. Bf2 Qh5 17. e4 (17. a4 $17) 17... Bxh3 $19 18. gxh3 Bh6 19. Kb1 Nxf4 20. Ba6 Rd8 21. Rg1 $2 {[#]} (21. Qh1 {might work better.}) 21... dxe4 22. Rg4 Qf5 23. Rxh4 (23. a3 $142) 23... Ng6 24. Rxe4 Bf4 25. Qg1 Qxh3 26. Qd1 Qg2 27. Re2 Rh1 28. Be1 $2 (28. Re1 Rh6 29. Qe2) 28... Qh3 29. Ne4 {White hopes to continue with Nf2.} Be3 30. c3 Nf4 31. Nf2 Qh7+ (31... Bxf2 $142 32. Rxf2 Qf5+ 33. Ka1 b5) 32. Ka1 (32. Bd3 $142 Bxf2 {[%mdl 64] Pin} 33. Bxh7 Nxe2 34. Kc2 Rxe1 35. Qd2) 32... Nxe2 33. Nxh1 Nxd4 34. cxd4 Rxd4 {[%cal Rd4d1]} 35. Qf3 {[#]} Qxh1 $1 {[%mdl 512] Accuracy: White = 23%, Black = 63%.} 0-1